000 00756nam a2200241 i 4500
001 184165
003 ES-MaACL
005 20240205165158.0
008 150406s1965 sp |||| |bspa d
080 _a929:75 Picasso. Pablo
100 1 _aDescargues, Pierre.
_943836
245 1 0 _aPablo Picasso /
_cPierre Descargues ; [traducido... por José Toro].
250 _a1ª ed.
260 _aBarcelona :
_bFontanella,
_c1965.
300 _a126 p. ;
_c17 cm.
490 1 _aTestigos del siglo XX ;
_v14
504 _aBibliografía: p. 125-126.
600 1 4 _aPicasso, Pablo,
_d1881-1973
_991794
700 1 _aToro, Josep.
_9110681
830 0 _aTestigos del siglo XX ;
_v14
_9192049
852 _aES-MaACL
_jE-15535
999 _c184165
_d184165